Normal view
MARC view
Entry Personal Name
001 - CONTROL NUMBER
- control field: 1069506
003 - CONTROL NUMBER IDENTIFIER
- control field:
005 - DATE AND TIME OF LATEST TRANSACTION
- control field: 20210627164606.0
008 - FIXED-LENGTH DATA ELEMENTS
- fixed length control field: 210627|| aca||aabn | a|a d
040 ## - CATALOGING SOURCE
- Original cataloging agency:
- Transcribing agency:
100 ## - HEADING--PERSONAL NAME
- Personal name: Misra, L. N.
- Fuller form of name: (Laxmi Narayan),
- Dates associated with a name: 1956-
670 ## - SOURCE DATA FOUND
- Source citation: Work cat.: ()1045965: Misra, L. N. (Laxmi Narayan), 1956-, The poetry of Sarojini Naidu /, c1995
